|
|
|
|
| LEADER |
02695nam a2200361 a 4500 |
| 001 |
00081397 |
| 008 |
990217s1993 gr a g b 001 0 gre|c |
| 020 |
|
|
|a 9600309833
|q (χαρτόδ.)
|
| 040 |
|
|
|a GrPaTEI
|b gre
|c GR-PaULI
|
| 041 |
1 |
|
|a gre
|h eng
|
| 082 |
0 |
4 |
|a 302.20228
|2 22
|
| 082 |
0 |
4 |
|a 302.23
|2 22
|
| 082 |
0 |
4 |
|a 302.230228
|2 23
|
| 100 |
1 |
|
|a McQuail, Denis.
|
| 240 |
1 |
0 |
|a Communication models for the study of mass communications.
|l Ελληνικά
|
| 245 |
1 |
0 |
|a Μοντέλα επικοινωνίας :
|b για τη μελέτη των μέσων μαζικής ενημέρωσης /
|c Ντένις ΜακΚουέϊλ, Σβεν Βίνταλ ; εισαγωγή-μετάφραση Στέλιος Παπαθανασόπουλος.
|
| 260 |
|
|
|a Αθήνα :
|b Καστανιώτης,
|c 1993.
|
| 300 |
|
|
|a 187 σ. :
|b εικ. ;
|c 24 εκ.
|
| 490 |
1 |
|
|a Επικοινωνία και κοινωνία
|
| 500 |
|
|
|a Μετάφραση του: Communication models for the study of mass communications.
|
| 504 |
|
|
|a Περιλαμβάνει βιβλιογραφικές παραπομπές και ευρετήριο.
|
| 505 |
0 |
|
|a Πρόλογος -- Μια συνοπτική αναδρομή στην έρευνα της μαζικής επικοινωνίας -- 1. Εισαγωγή -- 2. Τα βασικά μοντέλα -- 3. Η προσωπική επιρροή, η διάδοση και οι επιδράσεις της μαζικής επικοινωνίας στα άτομα -- 4. Οι επιδράσεις της μαζικής επικοινωνίας στον πολιτισμό και την κοινωνία -- 5. Τα μοντέλα μελέτης του ακροατηρίου -- 6. Συστήματα των ΜΜΕ, παραγωγή, επιλογή και ροή των μηνυμάτων της μαζικής επικοινωνίας -- Αγγλοελληνικό λεξιλόγιο απόδοσης όρων.
|
| 650 |
|
4 |
|a Επικοινωνία
|x Μοντέλα
|
| 650 |
|
7 |
|a Επικοινωνία
|2 nlgaf
|
| 650 |
|
7 |
|a Μέσα μαζικής ενημέρωσης
|2 nlgaf
|
| 700 |
1 |
|
|a Windahl, Swen,
|d 1942-
|
| 700 |
1 |
|
|a Παπαθανασόπουλος, Στέλιος.
|e συγγραφέας προλόγου
|e μεταφραστής.
|
| 765 |
|
|
|a Communication models for the study of mass communications
|
| 830 |
|
0 |
|a Επικοινωνία και κοινωνία
|
| 942 |
|
|
|2 ddc
|
| 952 |
|
|
|0 0
|1 0
|2 ddc
|4 0
|6 302_230000000000000_ΜΑΚ
|7 0
|9 257497
|a MSLG
|b MSLG
|c BSC
|d 2021-01-17
|e 24
|f 0
|g 0.00
|l 0
|o 302.23 ΜΑΚ
|p 2420000010234
|r 2021-01-17 00:00:00
|t 1
|w 2021-01-17
|y BK15
|x 19991111 0 1
|x GrPaTEI
|
| 971 |
|
|
|a .b24924234
|b 07-10-20
|c 20-01-16
|
| 999 |
|
|
|c 150468
|d 150468
|